Così calmo il mio bambino (Record n. 210063)

Dettagli MARC
000 -LEADER
fixed length control field 01807nam a2200205Ia 4500
001 - CONTROL NUMBER
control field b6930-50087
003 - CONTROL NUMBER IDENTIFIER
control field IT-MiCISF
008 - FIXED-LENGTH DATA ELEMENTS--GENERAL INFORMATION
fixed length control field 161014s9999||||xx |||||||||||||| ||und||
040 ## - CATALOGING SOURCE
Original cataloging agency IT-MiCISF
Transcribing agency IT-MiCISF
041 ## - LANGUAGE CODE
Language code of text/sound track or separate title it
999 ## - SYSTEM CONTROL NUMBERS (KOHA)
Koha Dewey Subclass [OBSOLETE] si
100 ## - MAIN ENTRY--PERSONAL NAME
Personal name Rankl Christine
245 #0 - TITLE STATEMENT
Title Così calmo il mio bambino
Remainder of title Risposte equilibrate al pianto del neonato
250 ## - EDITION STATEMENT
Edition statement 1a ed.
260 ## - PUBLICATION, DISTRIBUTION, ETC. (IMPRINT)
Place of publication, distribution, etc. Milano
Name of publisher, distributor, etc. Urra
Date of publication, distribution, etc. 2011 [Edizione originale: 2010]
300 ## - PHYSICAL DESCRIPTION
Extent pp. 181
500 ## - GENERAL NOTE
General note / maternità, periodo-neonatale, rapporti-genitori-figli, comportamento / Quando i bambini piangono e urlano di continuo, i nervi vanno a pezzi. Per i genitori, infatti, ogni minuto trascorso cercando di tranquillizzare un bambino inconsolabile è stress allo stato puro. Fondamentalmente tutti i neonati piangono, anche se la maggior parte lo fa per non più di trenta minuti nell'arco delle ventiquattro ore e per motivi di fame o stanchezza. Se però i pianti e gli strilli sono più frequenti e duraturi, o apparentemente immotivati e, nonostante gli sforzi, non si riescono a calmare, i genitori entrano in una profonda crisi e avvertono una sensazione di inadeguatezza che li può far sprofondare in stati depressivi importanti. L'A. spiega le cause alla base di questo problema nei bambini da 0 a 12 mesi, chiarendo che i vari metodi più diffusi spesso si limitano a considerare un solo aspetto del problema. Per risolvere il problema del pianto invece è essenziale per il genitore valutare non solo il piano dell'azione (cosa faccio), ma anche quello della relazione (cosa trasmetto a mio figlio), calibrando la strategia che si decide di adottare nel rispetto della fase di sviluppo psicoemotivo del piccolo.
650 ## - SUBJECT ADDED ENTRY--TOPICAL TERM
Topical term or geographic name as entry element Genitorialità e problemi educativi / genitorialità
Relator term 004
942 ## - ADDED ENTRY ELEMENTS (KOHA)
Koha item type LIBRO
957 ## -
-- 1
999 ## - SYSTEM CONTROL NUMBERS (KOHA)
-- 1
Dati di copia
Withdrawn status Lost status Damaged status Not for loan Home library Current library Date acquired Total Checkouts Full call number Date last seen Price effective from Koha item type Public note
    Buone Condizioni Not For Loan CISF - Milano CISF - Milano 14/10/2016   b6930-50087 14/10/2016 14/10/2016 LIBRO Data import 15.10.2016 / by Epidotti, Vaglietti
CREDITS: SOCIETA' SAN PAOLO Via A.Severo, 58 - ROMA (RM) & PERIODICI SAN PAOLO SRL Via Giotto, 36 MILANO & CISF Via Giotto, 36 MILANO & EDIZIONI SAN PAOLO SRL,  Piazza Soncino, 5 CINISELLO BALSAMO (MI) -- ITALY